| 000 | 01687nam a22004097a 4500 | ||
|---|---|---|---|
| 003 | CHAP | ||
| 005 | 20220329143724.0 | ||
| 008 | 110412s2011 mx r 00010 spa d | ||
| 010 | _a100920 | ||
| 011 | _a101892 | ||
| 035 | _a112580 | ||
| 040 | _cCHAP | ||
| 090 | _aTesis | ||
| 100 | 1 |
_aEstrada Mendoza, Pedro _938412 |
|
| 245 | 1 | 0 |
_aEstrategias para el manejo integral de los recursos naturales agua, suelo y bosque en el Estado de Puebla _h[En línea] _c/por Pedro Estrada Mendoza |
| 260 |
_aChapingo, Méx. : _bEl autor, _c2011 |
||
| 500 | _aPara ver el contenido del materal haga clic en la liga | ||
| 502 | _aTesis (Ing. Agr. Esp. en Irrigación) -- UACH. Departamento de Irrigación | ||
| 590 |
_aALEPH _b10 _c20130110 _lUCH01 _h1540 |
||
| 590 |
_aBATCH-UPD _b10 _c20130110 _lUCH01 _h1354 |
||
| 590 |
_aBATCH-UPD _b10 _c20130410 _lUCH01 _h0849 |
||
| 590 |
_aBATCH-UPD _b10 _c20130914 _lUCH01 _h0724 |
||
| 590 |
_aBATCH-UPD _b10 _c20140324 _lUCH01 _h1524 |
||
| 590 |
_aBATCH-UPD _b10 _c20141002 _lUCH01 _h0848 |
||
| 590 |
_aCONVERSION _b10 _c20130109 _lUCH01 _h1356 |
||
| 650 | 1 | 4 |
_aAgua de lluvia _xAlmacenamiento. _92413 |
| 650 | 1 | 4 |
_aBosques _xPuebla. _914372 |
| 650 | 1 | 4 |
_aEstrategias administrativas. _938462 |
| 650 | 1 | 4 |
_aRecursos naturales _xAdministración _zPuebla. _995183 |
| 650 | 1 | 4 |
_aSuelos _xDegradación. _9110336 |
| 856 |
_3Finding aid _uhttp://10.13.5.2/tesis/112580.pdf _zTeclea aqui |
||
| 901 | _aBK | ||
| 942 | _cFOLL | ||
| 949 |
_atesis _bBC _cTES _d33724002259231 _eTS1 _gDonaciØn _h52146 _i112580 _st |
||
| 949 |
_aTesis _bBC _cTES _d33724002259272 _eTS2 _fc.2 _gDonaciØn _h52147 _i112580 _st |
||
| 949 |
_aTesis _bBC _cTES _d33724002259314 _eTS2 _fc.3 _gDonaciØn _h52148 _i112580 _st |
||
| 999 |
_c100920 _d100920 |
||